LEADER 03012nam 2200685Ia 450 001 9911018895703321 005 20200520144314.0 010 $a9786613175007 010 $a9781119956686 010 $a1119956684 010 $a9781283175005 010 $a1283175002 010 $a9780470670187 010 $a0470670185 010 $a9780470670170 010 $a0470670177 035 $a(CKB)3400000000000265 035 $a(EBL)699399 035 $a(OCoLC)701308660 035 $a(SSID)ssj0000470108 035 $a(PQKBManifestationID)11272241 035 $a(PQKBTitleCode)TC0000470108 035 $a(PQKBWorkID)10409994 035 $a(PQKB)10392226 035 $a(MiAaPQ)EBC699399 035 $a(MiAaPQ)EBC4041249 035 $a(Perlego)1011144 035 $a(EXLCZ)993400000000000265 100 $a20100618d2010 uy 0 101 0 $aeng 135 $aur|n|---||||| 181 $ctxt 182 $cc 183 $acr 200 00$aHuman bioarchaeology of the transition to agriculture /$fedited by Ron Pinhasi, Jay T. Stock 210 $aHoboken, NJ $cWiley-Blackwell$d2010 215 $a1 online resource (506 p.) 300 $aIncludes index. 311 08$a9780470747308 311 08$a0470747307 320 $aIncludes bibliographical references at the end of each chapters and index. 327 $aHuman Bioarchaeology of the Transition to Agriculture; Contents; Foreword; List of Contributors; 1 Introduction: Changing Paradigms in Our Understanding of the Transition to Agriculture: Human Bioarchaeology, Behaviour and Adaptation; SECTION A: Subsistence Transitions; SECTION B: Growth and Body Size Variation; SECTION C: Biomechanics and Indicators of Habitual Activity; SECTION D: Archaeogenetics, Palaeodemography, Cranial and Dental Morphology; Index; Colour Plates 330 $aA holistic and comprehensive account of the nature of the transition from hunting to farming in prehistory. It addresses for the first time the main bioarchaeological aspects such as changes in mobility, behaviour, diet and population dynamics. This book is of major interest to the relevant audience since it offers for the first time a global perspective on the bioarchaeology of the transition to agriculture. It includes contributions from world-class researchers, with a particular emphasis on advances in methods (e.g. ancient DNA of pathogens, stable isotope analysis, etc.). The book 606 $aHuman remains (Archaeology) 606 $aAgriculture$xOrigin 606 $aAntiquities, Prehistoric 615 0$aHuman remains (Archaeology) 615 0$aAgriculture$xOrigin. 615 0$aAntiquities, Prehistoric. 676 $a930.1 686 $a6,11$2ssgn 701 $aPinhasi$b Ron$01839534 701 $aStock$b Jay$01841530 801 0$bMiAaPQ 801 1$bMiAaPQ 801 2$bMiAaPQ 906 $aBOOK 912 $a9911018895703321 996 $aHuman bioarchaeology of the transition to agriculture$94421281 997 $aUNINA